[Event "Oberbayern Bezirksliga 1617"]
[Site "Germany"]
[Date "2017.02.05"]
[Round "5.8"]
[White "Pruell, Lukas"]
[Black "Schwarzenbacher, Christian"]
[Result "1-0"]
[WhiteElo "1982"]
[BlackElo "1600"]
[PlyCount "69"]
[EventDate "2016.10.16"]
[EventType "team-tourn"]
[EventRounds "9"]
[EventCountry "GER"]
[SourceTitle "EXT 2019"]
[Source "ChessBase"]
[SourceDate "2018.10.10"]
[SourceVersion "1"]
[SourceVersionDate "2018.10.10"]
[SourceQuality "1"]
[WhiteTeam "Freilassing"]
[BlackTeam "Pang/Rosenheim"]
[WhiteTeamCountry "GER"]
[BlackTeamCountry "GER"]

1. e4 e5 2. Nf3 Nc6 3. d4 exd4 4. Bc4 d6 5. Nxd4 Ne5 6. Be2 g6 7. 0-0 Bg7 8. Nc3 Ne7 9. Bg5 h6 10. Be3 0-0 11. f4 N5c6 12. Nxc6 Nxc6 13. Qd2 Kh7 14. Rae1 Re8 15. Bf3 Be6 16. Kh1 Qd7 17. Qf2 Bxc3 18. bxc3 Bxa2 19. f5 Ne5 20. Qh4 Rh8 21. Qxh6+ Kg8 22. Qg5 Qd8 23. fxg6 Qxg5 24. Bxg5 Nxg6 25. Ra1 Bc4 26. Rfb1 b5 27. e5 d5 28. Bf6 Rh7 29. Rd1 c6 30. Ra6 Nh4 31. Rxc6 Nxf3 32. gxf3 a5 33. Rc7 Be2 34. Rg1+ Kf8 35. Be7+ 1-0